000 00829nam a22002657a 4500
001 4491
003 FISKH
005 20240912100119.0
008 240912b cb ||||| |||| 00| 0 eng d
020 _a9780545591386
040 _aFISKH
_beng
_cFISKH
_dFISKH
050 _aQK475.C354
082 _a582.16
100 _aCanizares,Susan
_eauthor
245 _aLook at these trees /
_cby Susan Canizares, Pamela Chanko
260 _aNew York :
_bScholastic ;
_c2013 .
300 _a16 pages :
_bcolor illustrations ;
_c22 cm .
505 _aD
520 _aPhotographs and simple text explore the diversity of trees, including their environment, shapes, and sizes.
521 8 _a160
_bLexile estimate
521 8 _aD
_bRaz-Plus
650 _ashapes
_vnon -fiction
942 _2ddc
_cBK
_n0
999 _c4491
_d4491